Statistics for 15 Countries with the most Pakistani diaspora

Click here to take the quiz!

General Stats

  • This quiz has been taken 63 times
  • The average score is 13 of 15

Answer Stats

Number of PakistanisCountry% Correct
1,600,000+UK
98%
630,000+USA
96%
2,800,000+Saudi Arabia
93%
1,700,000+UAE
91%
950,000+India
89%
305,000+Canada
87%
145,000+Germany
85%
235,000+Qatar
83%
90,000+Australia
81%
225,000+Afghanistan
80%
340,000+Kuwait
78%
250,000+Oman
78%
120,000+Bahrain
72%
135,000+Italy
72%
110,000+Spain
70%

Score Distribution

Percentile by Number Answered

Percent of People with Each Score

Your Score History

You have not taken this quiz